Lyrics to: Takedown (K-pop demon hunters) - Statistics

General Stats
  • This quiz has been taken 54 times
  • The average score is 294 of 431
Answer Stats
Singer Lyric % Correct
A
97%
a
97%
Do
97%
Down
97%
I
97%
Take
97%
The
94%
In
91%
It
91%
It’s
91%
Its
91%
Mira & Zoey So
91%
Rumi & Zoey Takedown
91%
I’m
89%
To
89%
You
89%
But
83%
My
83%
On
83%
Try
83%
Up
83%
World
83%
And
80%
Eyes
80%
Hide
80%
Nice
80%
With
80%
Your
80%
Baby
77%
Can
77%
Easy
77%
Of
77%
Out
77%
All | Rumi & All When
77%
As
74%
Cant
74%
Zoey & Mira ‘Cause
74%
Dont
74%
Don’t
74%
For
74%
Inside
74%
Ready
74%
Sin
74%
Sweet
74%
Switch
74%
Think
74%
Face
71%
Hideous
71%
Show
71%
Start
71%
Ugly
71%
Wanna
71%
You’re
71%
All
69%
Girls
69%
Grow
69%
Hatred
69%
HUNTR/X
69%
Lies
69%
Makes
69%
Patterns
69%
See
69%
Demon
66%
Gear
66%
Into
66%
Life
66%
Live
66%
No
66%
Open
66%
Real
66%
Within
66%
Deserve
63%
Feelings
63%
Place
63%
Rotten
63%
Same
63%
These
63%
Veins
63%
Vibes
63%
Whole
63%
‘Bout
60%
Break
60%
Obvious
60%
Pain
60%
Spreadin
60%
Yeah
60%
Pieces
57%
Time
57%
Finally
54%
Rumi & Zoey Oh
54%
Outta
54%
What?
54%
I’ma
51%
Back
49%
Gonna
49%
Illusion
49%
Master
49%
Night
49%
Straight
49%
Be
43%
Like
43%
Ain’t
40%
Die
40%
Kick
40%
Stop
40%
Beggin’
34%
Cryin’
34%
Cryin
34%
Da
34%
How
34%
Shell
34%
You’ll
34%
That
31%
Trapped
31%
Yourself
31%
Broken
29%
Dyin’
29%
Foolin’
29%
Look
29%
Nastiest
29%
Or
29%
Watch
29%
At
26%
Masses
26%
Ne
26%
Sleep
26%
Soul
26%
Cut
23%
Heart
23%
Never
23%
Control
20%
Lose
20%
Me
20%
Rip
20%
Miss
17%
Soon
17%
They’ll
17%
Turn
17%
But’cha
14%
Put’cha
14%
Shot
14%
Hajima
9%
Mira Jeong
3%
Apedagaseoda
0%
Dadahage
0%
Eobsneun
0%
Eodum
0%
Jitbalbgo
0%
Kaleul
0%
Kkeunheoreo
0%
Mogsumeul
0%
Muneotteuryeo
0%
Nareur
0%
Noel
0%
Nohgol
0%
Saegyeonwa
0%
Sineul
0%
Sogiryeo
0%
Yeonghon
0%
No matching quizzes found
Score Distribution
Percent of People with Each Score
Percentile by Number Answered
Your Score History
You have not taken this quiz